000 00234nam a2200097Ia 4500
008 240331s9999 xx 000 0 und d
082 _bKAN
100 _aKandiah, N.C
245 0 _aVaralattuk kalathitku mutpadda payanthamilar
942 _cL
999 _c3676
_d3676